Statistics for 東京の23区

Click here to take the quiz!

General Stats

  • This quiz has been taken 3,168 times
  • The average score is 18 of 23

Answers on the Map

Answers color-coded by a green-red scale on the quiz's map according to % correct below.
 

Answer Stats

% Correct
新宿
95%
渋谷
93%
92%
品川
86%
千代田
86%
85%
世田谷
84%
江戸川
83%
中央
83%
大田
82%
江東
81%
目黒
80%
練馬
80%
足立
79%
葛飾
78%
豊島
76%
中野
75%
台東
73%
墨田
73%
文京
73%
板橋
72%
杉並
71%
荒川
68%

Score Distribution

Percentile by Number Answered

Percent of People with Each Score

Your Score History

You have not taken this quiz